000
00276nam a2200133Ia 4500
008
100328s9999 xx 000 0 und d
082
_b
15930
100
_a
Taimini I.K.
245
_a
Gayatri
260
_b
Anand
630
_a
Gayatri
730
_a
Gayatri
942
_c
BOOK
999
_c
510664
_d
510661